Starting out with local development schemes (Record no. 105427)

MARC details
000 -LEADER
fixed length control field 01635cam a2200301 4500
001 - CONTROL NUMBER
control field ##L133577
008 - FIXED-LENGTH DATA ELEMENTS--GENERAL INFORMATION
fixed length control field 060519n2006 000 0 eng u
020 ## - INTERNATIONAL STANDARD BOOK NUMBER
International Standard Book Number 185112853
-- 9781851128532
035 ## - SYSTEM CONTROL NUMBER
System control number (Sirsi) u133577
041 0# - LANGUAGE CODE
Language code of text/sound track or separate title eng
050 04 - LIBRARY OF CONGRESS CALL NUMBER
Classification number 711.1 $2 18
110 1# - MAIN ENTRY--CORPORATE NAME
Corporate name or jurisdiction name as entry element United Kingdom
Subordinate unit Office of the Deputy Prime Minister
245 00 - TITLE STATEMENT
Title Starting out with local development schemes
Remainder of title spatial plans in practice: supporting the reform of local planning
260 ## - PUBLICATION, DISTRIBUTION, ETC.
Place of publication, distribution, etc. London
Name of publisher, distributor, etc. ODPM
Date of publication, distribution, etc. 2006
520 ## - SUMMARY, ETC.
Summary, etc. The report presents findings from an in-depth investigation into the preparation and early application of Local Development Schemes (LDSs), a new feature of the reformed forward process introduced by government to ensure that Local Development Frameworks are better managed and local development documents are delivered more quickly than development plans under the old system. Provides recommendations about how to improve future LDSs for local authorities, Government Offices and ODPM.
650 24 - SUBJECT ADDED ENTRY--TOPICAL TERM
Topical term or geographic name entry element LOCAL DEVELOPMENT SCHEMES
650 24 - SUBJECT ADDED ENTRY--TOPICAL TERM
Topical term or geographic name entry element LOCAL DEVELOPMENT FRAMEWORKS
650 24 - SUBJECT ADDED ENTRY--TOPICAL TERM
Topical term or geographic name entry element LOCAL DEVELOPMENT DOCUMENTS
651 #4 - SUBJECT ADDED ENTRY--GEOGRAPHIC NAME
Geographic name England
Chronological subdivision 886-
690 ## - LOCAL SUBJECT ADDED ENTRY--TOPICAL TERM (OCLC, RLIN)
Topical term or geographic name as entry element ENVIRONMENTAL AND LAND CONSULTANCY-PLANNING AND DEVELOPMENT-PLANNING GUIDANCE-LOCAL DEVELOPMENT PLANS
700 1# - ADDED ENTRY--PERSONAL NAME
Personal name O'Rourke, Terence
710 2# - ADDED ENTRY--CORPORATE NAME
Corporate name or jurisdiction name as entry element Baker Associates
9 (RLIN) 4928
710 2# - ADDED ENTRY--CORPORATE NAME
Corporate name or jurisdiction name as entry element University of Liverpool
9 (RLIN) 4388
710 2# - ADDED ENTRY--CORPORATE NAME
Corporate name or jurisdiction name as entry element University of Manchester
9 (RLIN) 720
710 2# - ADDED ENTRY--CORPORATE NAME
Corporate name or jurisdiction name as entry element University of the West of England
9 (RLIN) 3479
856 40 - ELECTRONIC LOCATION AND ACCESS
Uniform Resource Identifier <a href="https://www.communities.gov.uk/index.asp?id=1165332">https://www.communities.gov.uk/index.asp?id=1165332</a>
Public note View the report free of charge at www.communities.gov.uk...
942 ## - ADDED ENTRY ELEMENTS (KOHA)
Suppress in OPAC 0
Holdings
Withdrawn status Lost status Source of classification or shelving scheme Damaged status Not for loan Home library Current library Shelving location Date acquired Total Checkouts Full call number Barcode Date last seen Copy number Price effective from Koha item type
    Dewey Decimal Classification     Virtual Virtual Online 19/05/2006   ONLINE PUBLICATION 133577-2001 06/08/2019 1 06/08/2019 Book